| 000 | 00707ccm a2200205 i 4500 | ||
|---|---|---|---|
| 003 | CO-ViMGA | ||
| 008 | 150825t20132013ck fmgnfrd n spa d | ||
| 040 |
_aCO-ViMGA _bspa _cCO-ViMGA |
||
| 043 | _as-ck--- | ||
| 082 | 0 | 4 | _a026c |
| 100 | 1 |
_aOchoa, Freddy _d1976- _ecompositor _94609 |
|
| 245 | 1 | 0 |
_aColombia coral _bcompositores antioqueños _cFreddy Ochoa y Juan David Osorio |
| 300 |
_a1 partitura (82 páginas) _bilustraciones, música _c27 cm |
||
| 500 | _aXII Festival Coral de Medellín 2013. | ||
| 650 | 1 | 4 |
_aMúsica folclórica colombiana _94610 |
| 650 | 2 | 4 |
_aMúsica popular colombiana _94611 |
| 650 | 2 | 4 |
_aMúsica vocal _94612 |
| 700 | 1 |
_aOsorio, Juan David _d1985- _ecompositor _94613 |
|
| 942 | _2ddc | ||
| 999 |
_c35788 _d35788 |
||